000 00884cam a2200289 4500
001 ABS62161
008 000000n2000 000 0 eng u
035 _a(Sirsi) u105700
100 _aTemple, L.
245 2 _aA distinct lack of hot properties
260 _c2000
490 _aEstates Gazette
_v(0015) 15 April 2000, 60-63(4)
520 _aReviews the websites for companies in the top 20 quoted property companies. The conclusion is that these companies are not yet exploiting the internet.
590 _aABS
650 _aPROPERTY COMPANIES
650 _aWEBSITES
650 _aMEPC
650 _aRUGBY ESTATES
650 _aQUINTAIN
650 _aGREAT PORTLAND ESTATES
650 _aCAPITAL SHOPPING CENTRES
650 _aLAND SECURITIES
650 _aCANARY WHARF GROUP
650 _aCHELSFIELD
690 _aPROPERTY-COMMERCIAL PROPERTY
942 _n0
999 _c63302
_d63302